000 01482cam a22004454i 4500
001 a5195625
003 PE-LiUPU
005 20250731172828.0
005 20130511
008 120423s2012 sp | |||| 000 0 spa
020 _a9788498055320
035 _a(Sirsi) i9788498055320
035 _a(Sirsi) 52087
035 _a(OCoLC)796291842
082 0 4 _a220.92
_bP93
100 1 _aPuigdollers, Rodolf,
_d1948-
245 1 4 _aLas figuras bíblicas, testimonios de Cristo /
_cRodolf Puigdollers.
250 _aPrimera edición.
264 1 _aBarcelona :
_bCentre de Pastoral Litúrgica,
_c2012.
300 _a130 páginas ;
_c19 cm.
490 0 _aColección Emaús ;
_v99.
505 0 _aAntiguo Testamento. Los principios. Los patriarcas. El éxodo a la tierra prometida. El rey, ungido del señor. Nuevo testamento. El advenimiento del Señor. Los discípulos.
526 _aSEG42
526 _aSEG41
526 _aSEG40
526 _aSEG39
526 _aP94
526 _aP87
526 _aP86
526 _aP85
526 _aP77
526 _aP76
526 _aP35
650 7 _aPersonajes bíblicos.
910 _bjv
942 _2ddc
_cBOOK
949 _a220.92 P93
_i69497
_lCCODEBUL1
_mBUL
_tLIBRO
_o.STAFF. Colección general
596 _a1
999 _a220.92 P93
_wDEWEY
_c6033
_i69497
_f2021-11-9
_g5
_lCCODEBUL1
_mBUL
_p26.00
_r0
_sY
_tBOOK
_u2015-7-6
_xTEOLOGIA
_PP35
_0COMPRA
_o.STAFF. Colección General
_d6033
980 _81
_gALBERTO SANCHEZ Responsable de Automatización